Literacy and learning lessons from a longtime teacher / (Record no. 17455)
[ view plain ]
| 000 -LEADER | |
|---|---|
| fixed length control field | 00489cam a2200169 a 4500 |
| 020 ## - INTERNATIONAL STANDARD BOOK NUMBER | |
| ISBN | 9780872074798 |
| 040 ## - CATALOGING SOURCE | |
| Transcribing agency | DLC |
| 082 00 - DEWEY DECIMAL CLASSIFICATION NUMBER | |
| Classification number | 372 INT 2012 A114 Or. |
| 100 1# - MAIN ENTRY--AUTHOR NAME | |
| Personal name | Routman, Regie. |
| 245 10 - TITLE STATEMENT | |
| Title | Literacy and learning lessons from a longtime teacher / |
| 260 ## - PUBLICATION, DISTRIBUTION, ETC. (IMPRINT) | |
| Place of publication | Newark, Del. : |
| Name of publisher | International Reading Association, |
| Year of publication | c2012. |
| 300 ## - PHYSICAL DESCRIPTION | |
| Number of Pages | ix, 174 p. ; |
| Dimensions | 23 cm. |
| 650 #0 - SUBJECT ADDED ENTRY--TOPICAL TERM | |
| Topical Term | Language arts. |
| 650 #0 - SUBJECT ADDED ENTRY--TOPICAL TERM | |
| Topical Term | Effective teaching. |
| 650 #0 - SUBJECT ADDED ENTRY--TOPICAL TERM | |
| Topical Term | Motivation in education. |
| 942 ## - ADDED ENTRY ELEMENTS (KOHA) | |
| Koha item type | ADB |
| 952 ## - LOCATION AND ITEM INFORMATION (KOHA) | |
| Withdrawn status [LOCAL, KOHA] | 0 |
| 952 ## - LOCATION AND ITEM INFORMATION (KOHA) | |
| Withdrawn status [LOCAL, KOHA] | 0 |
| Permanent Location | Date acquired | Koha item type | Lost status | Shelving location | Barcode | Current Location | Full call number |
|---|---|---|---|---|---|---|---|
| Library Block A | 2018-11-27 | សៀវភៅភាសាអង់គ្លេស | A114 | A37120 | Library Block A | 372 INT 2012 A114 Or. | |
| Library Block A | 2018-12-04 | សៀវភៅភាសាអង់គ្លេស | A116 | A36625 | Library Block A | 372 INT 2012 A114 Or. |